|
|
|
|
| LEADER |
01179nam a22003017a 4500 |
| 001 |
37829 |
| 003 |
BD-DhAAL |
| 005 |
20250527144235.0 |
| 008 |
220224t2003 enka|||| b||| 001 0 eng d |
| 020 |
|
|
|a 0335204112
|
| 020 |
|
|
|a 9780335204113
|
| 020 |
|
|
|a 9780335204120
|
| 040 |
|
|
|a BD-DhAAL
|
| 082 |
|
|
|a 371.102
|2 22
|
| 100 |
|
|
|a Goodson, Ivor F.
|9 46056
|
| 245 |
|
|
|a Professional knowledge, professional lives :
|b studies in education and change /
|c Ivor F Goodson.
|
| 260 |
|
|
|a Maidenhead :
|b Oxford University Press (OUP),
|c c2003.
|
| 300 |
|
|
|a xviii, 153 pages :
|b illustrations ;
|c 22 cm.
|
| 490 |
|
|
|a Professional learning
|
| 504 |
|
|
|a Includes bibliographical references and indexes.
|
| 541 |
|
|
|a Complimentary copy from BIED
|e 37829
|
| 650 |
|
|
|a Teachers
|x Training of.
|9 46057
|
| 650 |
|
|
|a Teaching.
|9 46058
|
| 650 |
|
|
|a Educational change.
|9 46059
|
| 852 |
|
|
|a Ayesha Abed Library
|c BIED Collection
|
| 942 |
|
|
|2 ddc
|c BK
|
| 999 |
|
|
|c 43575
|d 43575
|
| 952 |
|
|
|0 0
|1 0
|2 ddc
|4 0
|6 371_102000000000000_GOO
|7 0
|9 69887
|a BRACUL
|b BRACUL
|c GEN
|d 2022-02-24
|e Complimentary copy from BIED
|l 0
|o 371.102 GOO
|p 3010037829
|r 2022-02-24
|t 1
|w 2022-02-24
|y BK
|x Transferred from BIED to General Stacks
|